书目信息 |
| 题名: |
大学生性与生殖健康教育教程
|
|
| 作者: | 徐明 , 王红枫 编著 | |
| 分册: | ||
| 出版信息: | 银川 阳光出版社 2012 |
|
| 页数: | 312页 | |
| 开本: | 24cm | |
| 丛书名: | ||
| 单 册: | ||
| 中图分类: | G647.9 , R339.2 | |
| 科图分类: | ||
| 主题词: | 性教育--高等学校--教材 , 生殖医学--健康教育--高等学校--教材 , 性教育 , 生殖医学 , 健康教育 | |
| 电子资源: | ||
| ISBN: | 978-7-5525-0490-3 | |
| 000 | 00862nam0 2200289 450 | |
| 001 | 012015000027 | |
| 005 | 20151210162959.14 | |
| 010 | @a978-7-5525-0490-3@dCNY39.00 | |
| 100 | @a20121212d2012 em y0chiy50 ea | |
| 101 | 0 | @achi |
| 102 | @aCN@b640000 | |
| 105 | @aa z 000yy | |
| 106 | @ar | |
| 200 | 1 | @a大学生性与生殖健康教育教程@Ada xue sheng xing yu sheng zhi jian kang jiao yu jiao cheng@f徐明,王红枫编著 |
| 210 | @a银川@c阳光出版社@d2012 | |
| 215 | @a312页@c图@d24cm | |
| 606 | 0 | @a性教育@x高等学校@j教材 |
| 606 | 0 | @a生殖医学@x健康教育@x高等学校@j教材 |
| 606 | 0 | @a性教育 |
| 606 | 0 | @a生殖医学 |
| 606 | 0 | @a健康教育 |
| 690 | @aG647.9@v5 | |
| 690 | @aR339.2@v5 | |
| 701 | 0 | @a徐明@Axu ming@c(医学)@4编著 |
| 701 | 0 | @a王红枫@Awang hong feng@c(女,@f1965~)@4编著 |
| 801 | 0 | @aCN@b碧洲教育@c20151129 |
| 905 | @a10447@f3@dG647.9@e696 | |
| 大学生性与生殖健康教育教程/徐明,王红枫编著.-银川:阳光出版社,2012 |
| 312页:图;24cm |
| ISBN 978-7-5525-0490-3:CNY39.00 |
| ● |
| 相关链接 |
|
|
|
|
正题名:大学生性与生殖健康教育教程
索取号:G647.9/696
 
预约/预借
| 序号 | 登录号 | 条形码 | 馆藏地/架位号 | 状态 | 备注 |
| 1 | 0872360 | 208723602 | 第一样本阅览室/ [索取号:G647.9/696] | 在馆 | |
| 2 | 0872361 | 208723611 | 教育系资料室/ [索取号:G647.9/696] | 在馆 | |
| 3 | 0872362 | 208723620 | 教育系资料室/ [索取号:G647.9/696] | 在馆 |